Planificación y financiamiento de la electrificación nacional
Na minha lista:
| Autor principal: | |
|---|---|
| Formato: | Livro |
| Idioma: | Spanish |
| Publicado em: |
[San José, Costa Rica]
1969
|
| Assuntos: | |
| Tags: |
Adicionar Tag
Sem tags, seja o primeiro a adicionar uma tag!
|
MARC
| LEADER | 00000nam a2200000Ia 4500 | ||
|---|---|---|---|
| 003 | 003369 | ||
| 005 | 20221231143949.0 | ||
| 008 | 140114s1969 cr a 000 ||spa d | ||
| 040 | |c cru CEDI | ||
| 082 | |a 333.793.23 H632p | ||
| 100 | |a Hidalgo Pacheco, Mario |9 21821 | ||
| 245 | |a Planificación y financiamiento de la electrificación nacional | ||
| 260 | |a [San José, Costa Rica] |c 1969 | ||
| 300 | |a 23 páginas:ilustraciones, diagramas, cuadros | ||
| 648 | |x ELECTRIFICACION |x FINANCIACION |x COSTA RICA |9 21822 | ||
| 942 | |2 ddc |c BK | ||
| 999 | |c 14894 |d 14894 | ||
